|
|
|
|
| LEADER |
00680nam a22002052a 4500 |
| 001 |
000306533 |
| 003 |
CZ BrMZK |
| 005 |
20050606093501.0 |
| 008 |
980107s1972 xo f slo d |
| 040 |
|
|
|a BOA001
|b cze
|
| 100 |
1 |
|
|a Horváth, Ivan,
|c hudební skladatel
|
| 245 |
1 |
0 |
|a Základy džezovej interpretácie /
|c Ivan Horváth, Igor Wasserberger
|
| 250 |
|
|
|a 1. vyd.
|
| 260 |
|
|
|a Bratislava :
|b Opus,
|c 1972
|
| 300 |
|
|
|a 142 s.
|
| 700 |
1 |
|
|a Wasserberger, Igor,
|d 1937-
|7 jk01151429
|
| 910 |
|
|
|a BOA001
|b PK-0066.083
|
| 964 |
|
|
|a Hudba jazzová - interpretace - úvody
|
| 990 |
|
|
|a BK
|
| 996 |
7 |
|
|b 3119924947
|c PK-0066.083
|l MZK
|r Sklad / do 1 hodiny
|n 1
|w 000306533
|u 000010
|a 1
|e BOA001
|j MZK50
|s A
|